000 00980cam a22001574a 4500
020 _a0268010455 (cloth : alk. paper)
041 _aENG
082 0 0 _a261.5509409031
_bHOW
100 1 _aHowell, Kenneth J.
245 1 0 _aGod's two books :Copernican Cosmology and Biblical Interpretation in early Modern Science
260 _aNotre Dame, Ind. :
_bUniversity of Notre Dame Press,
_cc2002.
300 _aviii, 319 p. ;
505 0 _aEarly modern science and biblical interpretation -- Reading the heavens and Scripture in early modern science -- Copernicus, the Bible, and the Wittenberg orbit -- Geoheliocentrism and the Bible : Brahe, Peucer, and Rothmann -- Kepler, cosmology and the Bible -- Copernican cosmology, cartesianism and the Bible in the Netherlands -- Copernicanism and the Bible in the Netherlands -- Copernicanism and the Bible in Catholic Europe -- Interpreting the history of early modern cosmology and the Bible.
650 0 _aReligion and science.
942 _cBK
999 _c22480
_d22480